Riconosci il Pokémon - Quiz n°433 - Statistics

Statistiche generali
  • Questo quiz è stato fatto 5 volte
  • Il punteggio medio è 10 su 10
Statistiche sulle risposte
Indizio Risposta % Corretto
Altezza 0,3 m
100%
Tasso di cattura 190 (35.2%)
100%
Peso 4,0 kg
100%
Sesso 50% ♂, 50% ♀
100%
Tipo Acqua
100%
Stadio evoluzione Forma Base
100%
Abilità Guscioscudo; Abillegame; Copricapo
100%
Tasso di allevamento Lento
100%
Generazione Prima
100%
Pokémon Shellder
80%
Nessun quiz corrispondente trovato
Distribuzione punteggi
Percentuale di utenti per punteggio
Percentile per numero di risposta
I tuoi punteggi nel tempo
Non hai fatto questo quiz